| 000 | 00414nam a2200169Ia 4500 | ||
|---|---|---|---|
| 003 | LK-CoDNM | ||
| 008 | 010623t xxu||||| |||| 00| 1 sin d | ||
| 040 |
_aLK-CoDNM _dLK-CoDNM _eLK-CoDNM |
||
| 041 | _asin | ||
| 080 | _a294.3 CHA | ||
| 100 | _aRajapakse,D.T.P. | ||
| 245 | _aනොමියෙන දහම | ||
| 246 | _aNomiyena Dahama | ||
| 260 |
_bSrideevi _aDehiwala |
||
| 300 | _b105p., 21 cm | ||
| 942 | _cBK | ||
| 999 |
_c139074 _d139074 |
||